000 01115nam a22003497a 4500
003 CHAP
005 20231109113552.0
008 120402s1995 it r 00010 eng d
010 _a102997
011 _a103969
020 _a9251037183
035 _a114658
040 _cCHAP
082 0 4 _a338.19
_bP7 1995 v.33
110 0 _aPrograma Mundial de Alimentos (PMA)
_992330
245 1 0 _aReport of the session of the Joint FAO/WHO Codex Alimentarius Commission (33o.)
_c/por Programa Mundial de Alimentos
260 _aRome :
_bFAO,
_c1995
300 _a76 p.
490 0 _aALINORM 95/37
590 _aBATCH-UPD
_b10
_c20130110
_lUCH01
_h0857
590 _aBATCH-UPD
_b10
_c20130410
_lUCH01
_h0527
590 _aBATCH-UPD
_b10
_c20130914
_lUCH01
_h0225
590 _aCONVERSION
_b10
_c20130109
_lUCH01
_h1357
650 1 4 _aAlimentos
_xAbastecimiento.
650 1 4 _aAyuda alimentaria.
_99032
650 1 4 _aPolĂ­tica alimentaria.
_990389
710 0 _aFAO.
830 0 0 _aALINORM 95/37
_94354
901 _aBK
942 _cLIBRO
949 _a338.19 P7 1995 v.33
_bBC
_cFAO
_d33724002133108
_eFAO1
_h116405
_i114658
_sb
999 _c102997
_d102997